|
วิทยาลัยพยาบาลบรมราชชนนี ยะลา |
|
แสดงรายละเอียดบรรณานุกรม |
|
|
Brief Record
: Get Marc (ISO 2709)
: E-mail record
: |
|
|
|
| LEADER 00000nam 2200000uu 4500 | |||
| 001 3854 | |||
| 003 ULIBM | |||
| 008 260423s2565||||th 000 0 tha d | |||
| 020 ^a9786168311011 | |||
| 050 4 ^aGN495.6^bป412ช | |||
| 100 1 ^aประสิทธิ์ ลีปรีชา | |||
| 245 10 ^aชาติพันธุ์สัมพันธ์ : การเมืองของความสัมพันธ์และแนวคิดการศึกษา /^cประสิทธิ์ ลีปรีชา | |||
| 250 ^aพิมพ์ครั้งที่ 1 | |||
| 260 ^aกรุงเทพฯ :^bศูนย์มานุษยวิทยาสิรินธร (องค์การมหาชน),^c2565. | |||
| 300 ^a204หน้า :^bภาพประกอบ;^c21 ซม. | |||
| 650 7 ^aชาติพันธุ์วิทยา | |||
| 650 7 ^aชาติพันธุ์วิทยา^xแง่การเมือง | |||
| 999 ^aฮัซวานี | |||
| คุณยังไม่ได้ล็อกอิน คุณสามารถมีกิจกรรมร่วมกับเว็บไซต์ได้ แต่ต้องล็อกอินก่อน :: |
|
| สถานะ | |||||||||
| 1. | หนังสือทั่วไป | GN495.6 ป412ช 2565 ฉ.1 | ►หนังสือทั่วไปภาษาไทย | On Shelf | |||||
| [แสดง 1/1 รายการ] | |||||||||
BibComment |
| คอมเมนท์ทรัพยากรรายการนี้ |
|
|